000 00569nam a22001457a 4500
020 _a0-679-45714-3
082 _a823
_bPRE/C
100 _aPRESTON, RICHARD
245 _aTHE COBRA EVENT
260 _aNEW YORK
_bRANDOM HOUSE
_c1997
300 _a404
520 _aThe Cobra Event is a realistic science fiction. It's about a virus, Cobra, which affects the brain and turns one into a monster, killing oneself from inside. A homeless man dies on a subway platform. Days later, a teenager dies under strange circumstances.
650 _aNOVEL
_zUNITED STATES
942 _cBK
999 _c2433
_d2433